| 000 | 00651cam a2200229 4500 | ||
|---|---|---|---|
| 008 | 090401t1984 xxu||||| |||| 00| 0 eng d | ||
| 020 | _a0902132962 | ||
| 035 | _a(Sirsi) u58713 | ||
| 041 | _aeng | ||
| 050 | _a333.33 | ||
| 100 | _aPhillips, Simon | ||
| 245 | _aProperty company accounts | ||
| 260 |
_aReading _bCollege of Estate Management _c1984 |
||
| 300 | _a79p. ; 25cm. | ||
| 350 | _a38 | ||
| 490 |
_aProperty Development Library _v2 |
||
| 650 | _aMANAGEMENT-BUSINESS MANAGEMENT-FINANCIAL MANAGEMENT-ACCOUNTING | ||
| 650 | _aCENTRE FOR ADVANCED LAND USE STUDIES | ||
| 650 | _aPROPERTY COMPANIES | ||
| 942 | _n0 | ||
| 948 | _c04/03/1997 | ||
| 999 |
_c94091 _d94091 |
||